书目信息 |
| 题名: |
让你的人物讲故事
|
|
| 作者: | 赛尔博 著 ;谢冰冰 译 | |
| 分册: | ||
| 出版信息: | 北京 世界图书出版北京有限公司 2022.06 |
|
| 页数: | 10, 371页 | |
| 开本: | 23cm | |
| 丛书名: | ||
| 单 册: | ||
| 中图分类: | I053.5 | |
| 科图分类: | ||
| 主题词: | 电影编剧--dian ying bian ju--创作方法 | |
| 电子资源: | ||
| ISBN: | 978-7-5192-8663-7 | |
| 000 | 01300nam0 2200265 450 | |
| 001 | 011025153203 | |
| 005 | 20221025153203.0 | |
| 010 | @a978-7-5192-8663-7@dCNY79.00 | |
| 100 | @a20201004d2022 em y0chiy0110 ea | |
| 101 | 1 | @achi@ceng |
| 102 | @aCN@b110000 | |
| 105 | @aa z 000yy | |
| 106 | @ar | |
| 200 | 1 | @a让你的人物讲故事@Arang ni de ren wu jiang gu shi@e十一步打造专业剧本@dScreenplay: building story through character@f(美) 朱莉·赛尔博(Jule Selbo) 著@g谢冰冰译@zeng |
| 210 | @a北京@c世界图书出版北京有限公司@d2022.06 | |
| 215 | @a10, 371页@c图@d23cm | |
| 305 | @a由世界图书出版有限公司北京分公司独家授权出版 | |
| 330 | @a本书旨在帮助编剧通过塑造完整立体的人物,将简单或复杂的创意转化为精彩的、多维度的电影叙事。作者朱莉·赛尔博运用独特的“十一步故事结构”剧作法,通过人物来构建故事,传授初出茅庐的编剧许多实用技巧——专注并形成自己的创意,将创意变成充满人物发展的故事,以障碍和冲突为基础的强有力的情节元素,以及多方面的情感曲线。 | |
| 510 | 1 | @aScreenplay@ebuilding story through character@zeng |
| 517 | 1 | @a十一步打造专业剧本@Ashi yi bu da zao zhuan ye ju ben |
| 606 | 0 | @a电影编剧@Adian ying bian ju@x创作方法 |
| 690 | @aI053.5@v5 | |
| 701 | 0 | @c(美)@a赛尔博@Asai er bo@g(Selbo, Jule)@4著 |
| 702 | 0 | @a谢冰冰@Axie bing bing@4译 |
| 905 | @a河南城建学院图书馆@dI053.5@eZ850 | |
| 让你的人物讲故事:十一步打造专业剧本=Screenplay: building story through character/(美) 朱莉·赛尔博(Jule Selbo) 著/谢冰冰译.-北京:世界图书出版北京有限公司,2022.06 |
| 10, 371页:图;23cm |
| ISBN 978-7-5192-8663-7:CNY79.00 |
| 本书旨在帮助编剧通过塑造完整立体的人物,将简单或复杂的创意转化为精彩的、多维度的电影叙事。作者朱莉·赛尔博运用独特的“十一步故事结构”剧作法,通过人物来构建故事,传授初出茅庐的编剧许多实用技巧——专注并形成自己的创意,将创意变成充满人物发展的故事,以障碍和冲突为基础的强有力的情节元素,以及多方面的情感曲线。 |
| ● |
| 相关链接 |
|
|
|
正题名:让你的人物讲故事
索取号:I053.5/Z850
 
预约/预借
| 序号 | 登录号 | 条形码 | 馆藏地/架位号 | 状态 | 备注 |
| 1 | 1587234 | 215872349 | 文学库108/108文学库 1排4列3层/ [索取号:I053.5/Z850] | 在馆 | |
| 2 | 1587235 | 215872358 | 文学库108/108文学库 1排4列3层/ [索取号:I053.5/Z850] | 在馆 |